Clubes brasileiros que já jogaram a Copa Sulamericana - Statistics

Estatísticas Gerais
  • Esse quiz foi jogado 261 vezes
  • A pontuação média é 30 de 37
Estatísticas das Respostas
Hint Resposta % Correto
RS Grêmio
99%
SP Corinthians
93%
Rj Flamengo
93%
SP Palmeiras
93%
SP São Paulo
93%
RJ Vasco
93%
RJ Botafogo
92%
MG Cruzeiro
92%
RJ Fluminense
92%
MG Atlético Mineiro
91%
BA Bahia
91%
CE Fortaleza
91%
SP Santos
91%
CE Ceará
90%
MT Cuiaba
90%
MG América
89%
GO Goiás
89%
PE Sport
89%
BA Vitória
89%
PR Coritiba
88%
SC Chapecoense
85%
PR Athletico
84%
SC Avai
82%
SP Bragantino
82%
PE Naútico
82%
SP Ponte Preta
82%
GO Atlético Goianiense
81%
SC Criciúma
81%
PE Santa Cruz
81%
PR Paraná
80%
SC Figueirense
77%
SC Joinville
77%
SP Portuguesa
69%
SP São Caetano
62%
DF Brasília
49%
SP Barueri
26%
RS Internacioanal
11%
Nenhum quiz correspondente encontrado
Distribuição das Pontuações
Porcentagem de Pessoas com Cada Pontuação
Percentil de Números Respondidos
Sua Pontuação Histórica
Você não jogou esse quiz